书目信息 |
| 题名: |
城市地理信息系统及应用
|
|
| 作者: | 郝力 编著 | |
| 分册: | ||
| 出版信息: | 北京 电子工业出版社 2002 |
|
| 页数: | 265页 | |
| 开本: | 24cm | |
| 丛书名: | GIS技术与应用丛书 | |
| 单 册: | ||
| 中图分类: | TU984 | |
| 科图分类: | 86.61503 | |
| 主题词: | 城市--地理信息系统 , 城市 , 地理信息系统 | |
| 电子资源: | ||
| ISBN: | 7-5053-7741-8 | |
| 000 | 01002nam0 2200337 450 | |
| 000 | 01021nam0 2200337 450 | |
| 000 | 00984nam0 2200325 450 | |
| 000 | 00941nam0 2200313 450 | |
| 000 | 00930nam0 2200313 450 | |
| 000 | 00893nam0 2200301 45 | |
| 001 | 012003020885 | |
| 005 | 20051214163452.97 | |
| 010 | @a7-5053-7741-8@dCNY29.00 | |
| 100 | @a20021024d2002 em y1chiy0121 ea | |
| 101 | 0 | @achi |
| 102 | @aCN@b110000 | |
| 105 | @ay z 000yy | |
| 200 | 1 | @a城市地理信息系统及应用@Acheng shi di li xin xi xi tong ji ying yong@f郝力等编著 |
| 210 | @a北京@c电子工业出版社@d2002 | |
| 215 | @a265页@d24cm | |
| 225 | 2 | @aGIS技术与应用丛书 |
| 330 | @a本书围绕城市GIS应用,重点讨论GIS技术在数字城市建设中的行业应用。 | |
| 461 | 0 | @12001 @aGIS技术与应用丛书 |
| 606 | 0 | @a城市@x地理信息系统 |
| 606 | 0 | @a城市 |
| 606 | 0 | @a地理信息系统 |
| 690 | @aTU984@v4 | |
| 692 | @a86.61503@v3 | |
| 701 | 0 | @a郝力@Ahao li@4编著 |
| 801 | 0 | @aCN@bSRXX@c20051214 |
| 905 | @a10447@dTU984@eH141 | |
| 城市地理信息系统及应用/郝力等编著.-北京:电子工业出版社,2002 |
| 265页;24cm.-(GIS技术与应用丛书) |
| ISBN 7-5053-7741-8:CNY29.00 |
| 本书围绕城市GIS应用,重点讨论GIS技术在数字城市建设中的行业应用。 |
| ● |
| 相关链接 |
|
|
|
正题名:城市地理信息系统及应用
索取号:TU984/H141
 
预约/预借
| 序号 | 登录号 | 条形码 | 馆藏地/架位号 | 状态 | 备注 |
| 1 | 547278 | 205472781 | 建筑库201/201建筑库 90排2列5层/ [索取号:TU984/H141] | 在馆 | |
| 2 | 547279 | 205472790 | 建筑库201/201建筑库 90排2列5层/ [索取号:TU984/H141] | 在馆 | |
| 3 | 547280 | 205472807 | 建筑库201/201建筑库 90排2列5层/ [索取号:TU984/H141] | 在馆 |